000 01099cam a2200325 a 4500
005 20240211190140.0
008 950321s1996 cauab b 001 0 eng
010 _a 95008559
020 _a053423898X (alk. paper)
040 _aDLC
_cDLC
_dDLC
050 0 0 _aGE105
_b.M547 1996
082 0 0 _a333.72
_220
092 0 4 _a333.72
_bM6481 1996
_221
099 _a04
_a333.72 M6481 1996
100 1 _aMiller, G. Tyler
_q(George Tyler) ,
_d1931-
245 1 0 _aLiving in the environment :
_bprinciples, connections, and solutions /
_cG. Tyler Miller.
250 _a9th ed.
260 _aBelmont :
_bWadsworth Pub. Co. ,
_cc1996.
300 _a1 v. (various pagings) :
_bill. (some col.), col. maps ;
_c29 cm.
440 0 _aWadsworth biology series
504 _aIncludes bibliographical references and index.
650 0 _aEnvironmental policy.
650 0 _aEnvironmental sciences.
650 0 _aHuman ecology.
902 _a1
905 _aEman
_eRev.
905 _aRadwa
_eCat.
942 _2ddc
_cBK
999 _c116524
_d116524